| 000 | 00435nam a22001337a 4500 | ||
|---|---|---|---|
| 020 | _a1-85312-092-8 | ||
| 082 | _a620.001515353 INT"T | ||
| 100 |
_aHONMA, T, TANAKA, M, BREBBIA, C. A _967278 |
||
| 245 | _aBOUNDARY ELEMENTS XII APPLICATIONS IN STRESS ANALYSIS PONTENTIAL AND DIFFUSION | ||
| 250 | _aV-1 | ||
| 260 |
_aNEWYORK _bSPRINGER VERLAG _c1990 |
||
| 650 |
_aENGINEERING MATHEMATICS BOUNDARY ELEMENTS METHODS _967279 |
||
| 942 | _cBK | ||
| 999 |
_c575096 _d575096 |
||